01281nam a2200217 u 4500007000300000008004100003020001800044040000800062041000800070050002300078100003200101245005300133250002300186260003000209300004800239520065100287630004900938650002400987650002601011700002601037ta250321s2025 xx r 000 0 eng d a9781292340883 ctbs0 aeng aHD31 bR56471 2020 aRobbins, Stephen P.eauthor10aManagement c/ Stephen P. Robbins, Mary Coulter. aFifteenth edition  aHarlow :bPearson, c2020 a618 pages :billustrations (color) c28 cm. aREAL managers, REAL experiences. With a renewed focus on job-relevant skills, the newest edition of this bestselling text helps management and non-management students alike better prepare to enter the workforce. Management, 15th Edition, Global Edition, vividly illustrates effective management theories by incorporating the perspectives of real-life managers. Through examples, cases, and hands-on exercises, students will see and experience management in action—helping them develop the specific skills that employers are looking for and understand how the concepts they’re learning about actually work in today’s dynamic business world. 0aB1 Introduction to Business Management (BiM)00aBusiness management00aManagementvTextbooks aCoulter, Maryeauthor